Una fuente de energía

Enregistré dans:
Détails bibliographiques
Auteur principal: Heredia, C. M de (Auteur)
Format: Livre
Langue:espagnol
Publié: Santiago Splendor 1941
Édition:5a. ed
Sujets:
Tags: Ajouter un tag
Pas de tags, Soyez le premier à ajouter un tag!

MARC

LEADER 00000cam a2200000 a 4500
001 UCF7901
003 CL-VaPUC
008 130711e19410000CL |||||||||||||||||spa|d
082 0 4 |a 264  |b HER  |2 21 
100 |a Heredia, C. M de  |e author  |9 583773 
245 1 4 |a Una fuente de energía 
250 |a 5a. ed 
300 |a 309 p 
942 |c BK 
945 |d 20130711 00:00:00  |a dcastane 
260 |a Santiago  |b Splendor  |c 1941 
650 0 |a Teología pastoral   |9 257832 
650 0 |a Oración  |9 313348 
650 7 |a DEVOCIONES  |2 CL-VaPUC  |9 504541 
583 |a last modification  |c 20130711 11:26:00  |k Rodrigo Vera 
999 |c 352632  |d 352630 
952 |0 0  |1 0  |4 0  |6 264_000000000000000_HER_1941  |7 0  |8 X  |9 457233  |a FDOBUD  |b FDOBUD  |d 2019-11-22  |i 4988906  |o 264 HER 1941  |p 4988906  |r 2019-11-22  |w 2019-11-22  |y BK_X  |k BUD